000 00292nam a2200121 a 4500
008 100923s2009|||| d
100 1 _aUrbaníková, Evita
245 1 0 _aMinulosť ťa dostane
260 _bEvita Press
_aBratislava
_c2009
020 _c6,99
041 _aslo
044 _axo
_cSK
999 _c10666
_d10666